000 00622nam a22001697a 4500
005 20251108163342.0
008 250721s1992 xx 000 0 ara d
082 1 4 _a001.5095661/امي
100 1 _aساعاتي، أمين
245 1 0 _aالسياسه الإعلامية في المملكة العربية السعودية :
_bدارسه علميه في النظرية و التطبيق /
264 1 _aالقاهرة :
_bالمركز السعودي للدراسات الإستراتيجيه،
_c1992.
300 _a222ص.
650 1 7 _aالإعلام
650 1 7 _aالسعودية
942 _2ddc
_cBK
999 _c524
_d524